000 00702nam a2200193 i 4500
001 91055
003 ES-MaACL
005 20250806062540.0
007 t|
008 050126s1971 sp ||||1| spa d
100 1 _aLeón Pinelo, Antonio de.
_971636
245 1 0 _aAnales de Madrid
_b: (desde el año 447 al de 1658) /
_cAntonio de León Pinelo ; transcripción, notas y ordenación cronológica de Pedro Fernández Martín.
260 _aMadrid :
_bInstituto de Estudios Madrileños,
_c1971.
300 _aXI, 384 p. ;
_c25 cm.
700 1 _aFernández Martín, Pedro.
_949901
710 2 _aInstituto de Estudios Madrileños
_94916
852 _aES-MaACL
_jC-37748
_bR.76784
999 _c91055
_d91055